Statistics for Biggest Islands in the Pacific Ocean

Click here to take the quiz!

General Stats

  • This quiz has been taken 25 times
    (17 since last reset)
  • The average score is 7 of 10

Answer Stats

Area in km2 Answer % Correct
230.500 km2Honshu
100%
83.500 km2Hokkaido
87%
785.000 km2New Guinea
87%
106.300 km2Luzon
80%
113.700 km2North Island
80%
151.200 km2South island
80%
37.800 km2Kyushu
67%
97.500 km2Mindanao
67%
37 500 km2New Britain
33%
48.000 km2Isla Grande de Tierra del Fuego
0%

Score Distribution

Percentile by Number Answered

Percent of People with Each Score

Your Score History

You have not taken this quiz since the last reset